000
00303nam a2200121Ia 4500
008
190216s9999||||xx |||||||||||||| ||und||
100
_a
Srinivasan K N
245
0
_a
Krithrima Beejadharanm Kannukalikalil
260
_b
Kerala Bhasha Institute
_c
1975
300
_a
111p
650
_a
Zoology
942
_c
BK
999
_c
37616
_d
37616